Language Quiz

Random Language or Blitz Quiz

School Subjects in Spanish Quiz Stats

Quiz Updated Aug 21, 2012

Challenge
Share
Tweet
Embed
Score 0/40 Timer 04:00
2 Plays Today
Subject in Spanish Subject in English % Correct
MúsicaMusic
93.3%
HistoriaHistory
93.2%
EspañolSpanish
93.1%
ArteArt
93%
MatemáticasMathematics
92.9%
LatínLatin
92.9%
FrancésFrench
92.6%
InglésEnglish
92.5%
ItalianoItalian
92.5%
BiologíaBiology
92.3%
ÁlgebraAlgebra
92.3%
GeografíaGeography
91.9%
ReligiónReligion
91.6%
GeometríaGeometry
90.9%
LiteraturaLiterature
90.7%
TrigonometríaTrigonometry
90.4%
AstronomíaAstronomy
90.2%
TecnologíaTechnology
90%
FotografíaPhotography
89.6%
JaponésJapanese
89%
Subject in Spanish Subject in English % Correct
ChinoChinese
86.8%
CálculoCalculus
86.4%
Educación físicaPhysical Education
84.1%
FilosofíaPhilosophy
83.7%
BandaBand
81.6%
OrquestaOrchestra
81.2%
TeatroDrama/Theater
80.9%
PsicologíaPsychology
79.9%
PortuguésPortuguese
79.5%
FísicaPhysics
77.7%
RusoRussian
76.9%
AritméticaArithmetic
76.4%
CienciasScience
75.5%
IngenieríaEngineering
66.2%
AlemánGerman
63.8%
QuímicaChemistry
61.4%
PinturaPainting
59.4%
Economía domésticaHome Economics
56.2%
CoroChorus/Choir
36.7%
PeriodismoJournalism
27.6%

You're not logged in!

Compare scores with friends on all Sporcle quizzes.
Join for Free
OR
Log In

You Might Also Like...

Show Comments

Extras

Top Quizzes Today


Score Distribution

Your Account Isn't Verified!

In order to create a playlist on Sporcle, you need to verify the email address you used during registration. Go to your Sporcle Settings to finish the process.

Report this User

Report this user for behavior that violates our Community Guidelines.

Details: